La condesa de Campo Alange, primera mujer que figura en la directiva del Ateneo : (Record no. 193626)

MARC details
000 -LEADER
campo de control de longitud fija 01096nam a2200277 i 4500
001 - NÚMERO DE CONTROL
campo de control 193626
003 - IDENTIFICADOR DE NÚMERO DE CONTROL
campo de control ES-MaACL
005 - FECHA Y HORA DE LA ÚLTIMA TRANSACCIÓN
campo de control 20250827210950.0
007 - CAMPO FIJO DE DESCRIPCIÓN FÍSICA--INFORMACIÓN GENERAL
campo de control de longitud fija ta
008 - DATOS DE LONGITUD FIJA--INFORMACIÓN GENERAL
campo de control de longitud fija 240131s1963 sp | |||| 000 spa
040 ## - FUENTE DE CATALOGACIÓN
Centro catalogador/agencia de origen Es-MaACL
100 ## - ENTRADA PRINCIPAL--NOMBRE DE PERSONA
Nombre de persona Nachón Riaño, María Luz
Término indicativo de función/relación Autor
9 (RLIN) 234983
245 13 - MENCIÓN DEL TÍTULO
Título La condesa de Campo Alange, primera mujer que figura en la directiva del Ateneo :
Resto del título nombrada vicepresidenta /
Medio María Luz Nachón Riaño
264 #1 - PRODUCCIÓN, PUBLICACIÓN, DISTRIBUCIÓN, FABRICACIÓN Y COPYRIGHT
Producción, publicación, distribución, fabricación y copyright [Madrid] :
Nombre del de productor, editor, distribuidor, fabricante Informaciones,
Fecha de producción, publicación, distribución, fabricación o copyright [1963]
300 ## - DESCRIPCIÓN FÍSICA
Extensión 1 página :
Otras características físicas 1 retrato ;
Dimensiones 30 cm
336 ## - TIPO DE CONTENIDO
Término de tipo de contenido Texto
Fuente rdacontent
337 ## - TIPO DE MEDIO
Nombre/término del tipo de medio sin mediación
Fuente rdamedia
338 ## - TIPO DE SOPORTE
Nombre/término del tipo de soporte volumen
Fuente rdacarrier
500 ## - NOTA GENERAL
Nota general Recorte del artículo de María Luz Nachón Riaño sobre la condesa de Campo Alange en el Ateneo de Madrid, publicado en "Informaciones", febrero de 1963
600 14 - PUNTO DE ACCESO ADICIONAL DE MATERIA--NOMBRE DE PERSONA
Nombre de persona Campo Alange, María Laffitte,
Títulos y otros términos asociados al nombre Condesa de,
Fechas asociadas al nombre 1902-1986
9 (RLIN) 34205
610 24 - PUNTO DE ACCESO ADICIONAL DE MATERIA--NOMBRE DE ENTIDAD CORPORATIVA
Nombre de entidad corporativa o nombre de jurisdicción como elemento de entrada Ateneo de Madrid-
Subdivisión de forma Historia
9 (RLIN) 1925
655 #4 - TERMINO DE INDIZACIÓN--GENERO/FORMA
Datos o término principal de género/forma Artículos
9 (RLIN) 175745
852 4# - LOCALIZACIÓN
Ubicación ES-MaACL
Ubicación en estantería Depósito folletos
Número de control de estantería 2347-F-3
itemnumber 201130
942 ## - ELEMENTOS DE ENTRADA SECUNDARIOS (KOHA)
Fuente del sistema de clasificación o colocación Clasificación decimal universal
Tipo de ítem Koha Artículo de prensa
Suprimir en OPAC No
Holdings
Estatus retirado Estado de pérdida Fuente del sistema de clasificación o colocación Estado de daño No para préstamo Colección Biblioteca de origen Biblioteca actual Ubicación en estantería Fecha de adquisición Total de préstamos Signatura topográfica completa Código de barras Visto por última vez Tipo de ítem Koha
    Clasificación decimal universal     Fondo Ateneo de Madrid Biblioteca del Ateneo de Madrid Biblioteca del Ateneo de Madrid Depósito folletos 31/01/2024   2347-F-3 101206528 31/01/2024 Artículo de prensa